EU competition law handbook 2012 edition / (Record no. 9572)
[ view plain ]
| 000 -LEADER | |
|---|---|
| fixed length control field | 00826cam a22002412 4500 |
| 001 - CONTROL NUMBER | |
| control field | 0000021154 |
| 005 - DATE AND TIME OF LATEST TRANSACTION | |
| control field | 20151217152226.0 |
| 008 - FIXED-LENGTH DATA ELEMENTS--GENERAL INFORMATION | |
| fixed length control field | 120127s xx 000 0 eng d |
| 020 ## - INTERNATIONAL STANDARD BOOK NUMBER | |
| International Standard Book Number | 0414047945 : |
| 040 ## - CATALOGING SOURCE | |
| Original cataloging agency | KABU |
| Transcribing agency | KABU |
| 100 1# - MAIN ENTRY--PERSONAL NAME | |
| Personal name | Woude, Marc Van Der. |
| -- | 0000181882 |
| 245 10 - TITLE STATEMENT | |
| Title | EU competition law handbook 2012 edition / |
| Statement of responsibility, etc. | Marc Van Der Woude, Christopher Jones. |
| 250 ## - EDITION STATEMENT | |
| Edition statement | 2012 ed. |
| 260 ## - PUBLICATION, DISTRIBUTION, ETC. (IMPRINT) | |
| Place of publication, distribution, etc. | London : |
| Name of publisher, distributor, etc. | Sweet & Maxwell, |
| Date of publication, distribution, etc. | 2011. |
| 300 ## - PHYSICAL DESCRIPTION | |
| Extent | xviii, 847 p. |
| 650 #0 - SUBJECT ADDED ENTRY--TOPICAL TERM | |
| Topical term or geographic name as entry element | Restraint of trade |
| General subdivision | EU Countries. |
| -- | 0000181883 |
| 650 #0 - SUBJECT ADDED ENTRY--TOPICAL TERM | |
| Topical term or geographic name as entry element | Antitrust law |
| General subdivision | EU Countries. |
| -- | 0000181884 |
| 700 1# - ADDED ENTRY--PERSONAL NAME | |
| Personal name | Jones, Christopher. |
| -- | 0000181885 |
| 852 1# - LOCATION | |
| -- | p29,450 KES |
| 852 1# - LOCATION | |
| -- | p39,000 KES |
| 908 ## - PUT COMMAND PARAMETER (RLIN) | |
| Put command parameter | 120127 |
| 950 ## - LOCAL HOLDINGS (RLIN) | |
| -- | 1 |
| Withdrawn status | Lost status | Source of classification or shelving scheme | Not for loan | Home library | Current library | Date acquired | Total Checkouts | Full call number | Barcode | Date last seen | Price effective from | Koha item type |
|---|---|---|---|---|---|---|---|---|---|---|---|---|
| Library of Congress Classification | Kabarak, Main Campus | Kabarak, Main Campus | 17/12/2015 | KJE6456 .A4W68 2011 c. 1 | 20439 | 17/12/2015 | 17/12/2015 | General Collection | ||||
| Library of Congress Classification | Kabarak, Main Campus | Kabarak, Main Campus | 17/12/2015 | KJE6456 .A4W68 2011 c.2 | 21070 | 17/12/2015 | 17/12/2015 | General Collection |